Cơ học đất

Zapisane w:
Opis bibliograficzny
1. autor: Lê, Xuân Mai
Format: Książka
Język:Undetermined
Wydane: Hà Nội Xây dựng 2005
Hasła przedmiotowe:
Etykiety: Dodaj etykietę
Nie ma etykietki, Dołącz pierwszą etykiete!
Thư viện lưu trữ: Trung tâm Học liệu Trường Đại học Cần Thơ
LEADER 00542nam a2200205Ia 4500
001 CTU_100475
008 210402s9999 xx 000 0 und d
020 |c 49000 
082 |a 624.15136 
082 |b M103 
100 |a Lê, Xuân Mai 
245 0 |a Cơ học đất 
245 0 |c Lê Xuân Mai, Đõ Hữu Đạo 
260 |a Hà Nội 
260 |b Xây dựng 
260 |c 2005 
650 |a Foundation 
650 |x Soil mechanics 
904 |i Hiếu 
980 |a Trung tâm Học liệu Trường Đại học Cần Thơ